000
00302nam a2200121Ia 4500
008
190902s9999||||xx |||||||||||||| ||und||
020
_a
0-471-15306-6
100
_a
John T. Demel
245
0
_a
Introduction to Computer Graphics
260
_a
India
_b
The McGraw-Hill
_c
1984
300
_a
427
942
_c
BK
999
_c
2773
_d
2773